La case de l´ oncle Sam

Enregistré dans:
Détails bibliographiques
Auteur principal: Troyat, Henri
Format: Livre
Langue:Undetermined
Publié: París, Francia Plon 1948
Sujets:
Tags: Ajouter un tag
Pas de tags, Soyez le premier à ajouter un tag!

MARC

LEADER 00000nam a2200000Ia 4500
008 170316s9999 xx 000 0 und d
040 |a cru BVZT 
090 |a 840 T-5c 
100 |a Troyat, Henri 
245 |a La case de l´ oncle Sam 
260 |a París, Francia 
260 |b Plon 
260 |c 1948 
300 |a 255 páginas 
650 |a LITERATURA FRANCESA 
999 |c 8032  |d 8032 
942 |c 15 D  |h 840 T-5c  |2 z